000 00701nam a2200253Ia 4500
003 OSt
005 20221006143316.0
006 a|||||r|||| 00| 0
007 ta
008 221006b |||||||| |||| 00| 0 eng d
020 _a9780861878352
_c1710.12
024 _a8,612
037 _cTextual
040 _aEASL
_cEASL
_beng
041 _2eng
_aeng
082 _aX8(F).42.N82, N1
100 _aKODAMA Fumio
_9649626
245 0 _aAnalyzing Japanse high technologies
_b The techno-paradigm shift
260 _aLondon
_bPinter Publishers
_c1991
300 _a178p.
_ccm.
490 _v JEL
942 _hX8(F).42.N82, N1
_cTEXL
_2CC
999 _c1076698
_d1076698